| 000 | 00773nam a22002297a 4500 | ||
|---|---|---|---|
| 003 | SEM | ||
| 005 | 20220608074023.0 | ||
| 008 | 180119b xxu||||| |||| 00| 0 fr d | ||
| 020 | _a2909002004 | ||
| 040 |
_aՍԷՄ _cՍԷՄ |
||
| 041 | 1 | _afr. | |
| 080 | _a947.925(K)/D-72 | ||
| 100 | 1 | _aDonabédian Patrick; Mutafian Claude | |
| 245 | 1 | 0 |
_aArtsakh. _bHistoire du Karabagh. / _cP. Donabédian, C. Mutafian |
| 260 |
_aParis: _b«Sevig Press», _c1991. |
||
| 300 |
_a174 p.; _bill.; maps; _c21 cm. |
||
| 500 | _a[Histoire du Karabagh de l'Antiquite au XIX Siecle. Le Karabagh au XXe Siecle. Enguise de conclusion.] | ||
| 504 | _aDocuments annexes p.: 120-132; Bibl. p.: 133-140. | ||
| 651 | 0 |
_aNagorno-Karabakh _xHistory |
|
| 651 | 0 |
_aArtsakh _xHistory |
|
| 942 |
_2udc _cBK |
||
| 999 |
_c67908 _d67908 |
||